000 00412cam a2200169ua 4500
041 _aeng
_h
082 _a301
_bMAD/IN
100 _aMadan, T N .
245 _aIndian anthropology /
_cT N Madan.
_hTextual Documents
260 _aMumbai :
_bAsia Publishing House ,
_c1962.
300 _a419 ; .
500 _a**Reference
504 _a
700 1 _aGopala sacana, .
942 _cBK
999 _c3180
_d3180